Los días de tu vida /

Saved in:
Bibliographic Details
Main Author: Diego, Eliseo
Format: Book
Language:Spanish
Published: La Habana, Cuba : Unión de Escritores y Artistas de Cuba,, 1977.
Series:Contemporáneos
LEADER 00772nam a2200217 a 4500
001 c000375615
003 CARM
005 00000000000000.0
008 920522s1977 cu 00011 spa d
019 1 |a 8999232  |5 LACONCORD2021 
035 |a (OCoLC)5925960  |5 LACONCORD2021 
040 |a SFU  |c SFU 
100 1 |a Diego, Eliseo. 
245 1 4 |a Los días de tu vida /  |c Eliseo Diego. 
260 |a La Habana, Cuba :  |b Unión de Escritores y Artistas de Cuba,,  |c 1977. 
300 |a 95 p. ;  |c 21 cm. 
490 0 |a Contemporáneos 
852 8 |b CARM  |h A1:AN33E0  |i B09148  |p 0422624  |f BK 
082 0 4 |a 861  |2 20 
999 f f |i f47b39fb-c854-52cc-a4e9-49e7db0f593d  |s f47f0f2c-bf4e-594e-937e-e393c2e4956d 
952 f f |p Can circulate  |a CAVAL  |b CAVAL  |c CAVAL  |d CARM 1 Store  |e B09148  |f A1:AN33E0  |h Other scheme  |i book  |m 0422624